000 00502nam a2200169Ia 4500
003 OSt
005 20200201094600.0
008 190216s9999||||xx |||||||||||||| ||und||
040 _coclc
082 _a320.903
_bCOK/R
100 _aCoker, Francis W
_91727
245 0 _aRecent Political Thought /
_cFrancis W Coker
260 _bThe World Press Pvt Ltd,
_c1966.
_aCalcutta:
300 _a573p
650 _aPolitical Science
942 _cBK
_2ddc
_h320.903
_iCOK/R
_k320.903
_mCOK/R
999 _c34752
_d34752